ბათუმის შოთა რუსთაველის სახელმწიფო უნივერსიტეტის ბიბლიოთეკა

ისმინე სწავლის მძებნელო : ლექსები,აფორიზმები,სასკოლო ასაკის ბავშვთათვის / (ბიბ.ჩანაწერი № 39651)

000 -ლიდერი
ფიქსირებული სიგრძის საკონტროლო ველი 01240nam a2200241Ia 4500
001 - საკონტროლო ნომერი
საკონტროლო ველი 6252
003 - საკონტროლო ნომრის იდენტიფიკატორი
საკონტროლო ველი GE_BSU
005 - ბოლო ოპერაციის თარიღი და დრო
საკონტროლო ველი 20190930155819.0
008 - ფიქსირებული სიგრძის მონაცემთა ელემენტები - ზოგადი ინფორმაცია
ფიქსირებული სიგრძის საკონტროლო ველი 181216s||||||||xx |||||||||||||| ||und||
040 ## - კატალოგიზაციის წყარო
Transcribing agency GE_BSU
041 ## - ენის კოდი
Language code of text/sound track or separate title geo
080 ## - უნივერსალური ათობითი კლასიფიკაციის ინდექსი
Universal Decimal Classification number 82-93:821.353.1-1 გ-30
100 ## - მთავარი ჩანაწერი - პიროვნების სახელი
Personal name გურამიშვილი,დავით.
9 (RLIN) 4397
245 ## - ცნობა სათაურის შესახებ
Title ისმინე სწავლის მძებნელო : ლექსები,აფორიზმები,სასკოლო ასაკის ბავშვთათვის /
Statement of responsibility, etc დავით გურამიშვილი ; რედ : ლ.გრიგოლაშვილი ; მხატვ : ლ. ცუცქირიძე.
264 ## - წარმოების, გამოცემის, დისტრიბუციის და სხვა ცნობები
გამოცემის, წარმოების, დისტრიბუციის... ადგილი თბილისი :
გამოცემის, წარმოების, დისტრიბუციის... სახელწოდება უნ-ტის, გამ-ბა,
გამოცემის, წარმოების, დისტრიბუციის... თარიღი 1980.
300 ## - ფიზიკური აღწერა
Extent 34 გვ .:
Dimensions 22 სმ.
653 ## - INDEX TERM--UNCONTROLLED
Uncontrolled term ისმინე სწავლის მძებნელო
653 ## - INDEX TERM--UNCONTROLLED
Uncontrolled term სწავლა
653 ## - INDEX TERM--UNCONTROLLED
Uncontrolled term ქართული ლიტერატურა
700 ## - ADDED ENTRY--PERSONAL NAME
Personal name გრიგოლაშვილი, ლევან
Relator term რედაქტორი
9 (RLIN) 4398
700 ## - ADDED ENTRY--PERSONAL NAME
Personal name ცუცქირიძე , ლ
Relator term მხატვარი
9 (RLIN) 4399
942 ## - ADDED ENTRY ELEMENTS (KOHA)
Koha item type წიგნი
Source of classification or shelving scheme
ეგზემპლარები
ჩამოწერის სტატუსი დაკარგული ეგზემპლარის სტატუსი კლასიფიკაციის წყარო ან თაროზე გაწყობის სქემა დაზიანების სტატუსი არ გაიცემა მუდმივი მდებარეობა (დაცვის ადგილი) ამჟამინდელი ადგილსამყოფელი თაროზე განთავსების ადგილი შეძენის თარიღი ღირებულება, შესყიდვის ნორმალური ფასი სრული შენახვის შიფრი შტრიხკოდი ბოლო ოპერაციის თარიღი ეგზემპლარის მიმდევრობითი ნომერი (კეტერი?) ფასის ძალაში შესვლის თარიღი ეგზემპლარის სახეობა საჯარო შენიშვნა
          ბათუმის შოთა რუსთაველის სახელმწიფო უნივერსიტეტის მთავარი ბიბლიოთეკა ბათუმის შოთა რუსთაველის სახელმწიფო უნივერსიტეტის მთავარი ბიბლიოთეკა წიგნსაცავი 2018-12-17 0.00 82-93:821.353.1-1 გ-30 22503 2018-12-17 22503 2018-12-17 წიგნი 0,50
          ბათუმის შოთა რუსთაველის სახელმწიფო უნივერსიტეტის მთავარი ბიბლიოთეკა ბათუმის შოთა რუსთაველის სახელმწიფო უნივერსიტეტის მთავარი ბიბლიოთეკა წიგნსაცავი 2018-12-17 0.00 82-93:821.353.1-1 გ-30 22502 2018-12-17 22502 2018-12-17 წიგნი 0,50
          ბათუმის შოთა რუსთაველის სახელმწიფო უნივერსიტეტის მთავარი ბიბლიოთეკა ბათუმის შოთა რუსთაველის სახელმწიფო უნივერსიტეტის მთავარი ბიბლიოთეკა წიგნსაცავი 2018-12-17 0.00 82-93:821.353.1-1 გ-30 22501 2018-12-17 22501 2018-12-17 წიგნი 0,50